Il crepuscolo dei supereroi /

Saved in:
書目詳細資料
主要作者: Eisenberg, Deborah
其他作者: Aceto, Federica
格式: 圖書
語言:意大利语
出版: Padova : ALET, 2008
叢編:Perieli ; 46
標簽: 添加標簽
沒有標簽, 成為第一個標記此記錄!

MARC

LEADER 00000nam a22000007i 4500
001 IT\ICCU\PUV\1118912
003 ItRI
005 20250723134800.0
008 080529s2008 it |||||| ||||| |||||c
020 |a 9788875200510 
040 |b ita  |c ct 
041 7 |a ita  |2 ISO-639-2 
082 |a 813.54  |2 21 
100 1 |a Eisenberg, Deborah  |0 IT\ICCU\CFIV\067715 
240 1 0 |a Twilight of the superheroes  |9 Eisenberg, Deborah 
245 1 3 |a Il crepuscolo dei supereroi /  |c Deborah Eisenberg ; tradotto da Federica Aceto. 
260 |a Padova :  |b ALET,  |c 2008 
300 |a 219 p. ;  |c 21 cm 
700 1 |a Aceto, Federica  |0 IT\ICCU\RMLV\048195 
830 0 |a Perieli ;  |v 46  |0 IT\ICCU\LO1\0836228 
942 |2 ddc  |c BK 
952 |0 0  |1 0  |2 ddc  |4 0  |7 0  |9 7311  |a MI  |b MI  |d 2010-02-12  |i 5820  |l 0  |p CDOM5820  |r 2025-07-13 16:28:36  |w 2025-07-13  |x ACQUISTO  |y BK 
981 1 |6 z01  |a i   |b xxxe  
982 1 |6 z01  |a n 
999 |c 6016  |d 6016